[Event "EY Boys U16 2012"]
[Site "Prague CZE"]
[Date "2012.08.21"]
[Round "5.46"]
[White "Binder,Mo"]
[Black "Novotny,Ales"]
[Result "1-0"]
[WhiteElo "1986"]
[BlackElo "1794"]

1.d4 Nf6 2.c4 g6 3.Nc3 d5 4.cxd5 Nxd5 5.e4 Nxc3 6.bxc3 Bg7 7.Bc4 c5 8.Ne2 O-O
9.O-O Nc6 10.Be3 Qc7 11.Rc1 Rd8 12.Qd2 a6 13.Rfd1 b5 14.Bd3 c4 15.Bb1 a5
16.d5 Ba6 17.Nd4 Nxd4 18.Bxd4 Rab8 19.Bxg7 Kxg7 20.Qd4+ f6 21.Re1 Qb6 22.Qd2 b4
23.e5 bxc3 24.Rxc3 fxe5 25.Rh3 h5 26.g4 Qd4 27.Qc2 Rxb1 28.Qxb1 Rf8 29.gxh5 Rxf2
30.Qxg6+ Kf8 31.Qh6+ Ke8 32.Qe3 Rf8 33.h6 c3 34.d6 c2 35.h7 exd6 36.Qxd4 Rf1+
37.Rxf1 exd4 38.h8=Q+ Kd7 39.Rh7+ Kc6 40.Qxd4 Bxf1 41.Qe4+  1-0

[Event "27th Schwarzacher Open"]
[Site "Schwarzach AUT"]
[Date "2012.08.21"]
[Round "4.10"]
[White "Egle,S"]
[Black "Huhs,S"]
[Result "1/2-1/2"]
[WhiteElo "2214"]
[BlackElo "2092"]

1.d4 Nf6 2.c4 g6 3.Nc3 d5 4.cxd5 Nxd5 5.e4 Nxc3 6.bxc3 Bg7 7.Nf3 c5 8.Rb1 O-O
9.Be2 b6 10.O-O Bb7 11.e5 cxd4 12.cxd4 Na6 13.Ba3 Nc7 14.Qd2 Qd7 15.Rfd1 Rfd8
16.Qg5 Nd5 17.Bb5 Qe6 18.Rbc1 Rac8 19.Qh4 h6 20.Bc4  1/2-1/2

[Event "27th Schwarzacher Open"]
[Site "Schwarzach AUT"]
[Date "2012.08.21"]
[Round "4.3"]
[White "Schnepp,G"]
[Black "Guido,F"]
[Result "0-1"]
[WhiteElo "2308"]
[BlackElo "2409"]

1.d4 Nf6 2.c4 g6 3.Nc3 d5 4.cxd5 Nxd5 5.e4 Nxc3 6.bxc3 Bg7 7.Nf3 c5 8.Rb1 O-O
9.Be2 b6 10.O-O Bb7 11.Qd3 e6 12.Bf4 cxd4 13.cxd4 Nc6 14.Rfd1 Nxd4 15.Nxd4 e5
16.Be3 exd4 17.Bxd4 Bxd4 18.Qxd4 Qxd4 19.Rxd4 Rfd8 20.Rbd1 Rxd4 21.Rxd4 Rc8
22.f3 Rc1+ 23.Bd1 Ra1 24.Rd2 Bc8 25.Kf2 Be6 26.a4 Kf8 27.g4 g5 28.f4 gxf4
29.Kf3 Ke7 30.Kxf4 a5 31.h4 b5 32.axb5 a4 33.Bxa4 Rxa4 34.Rb2 Kd8 35.g5 Ra1
36.Ke5 Rh1 37.Rc2 Rxh4 38.b6 Rg4 39.Rd2+ Kc8 40.Kf6 Rxe4 41.Rh2 Rf4+ 42.Kg7 Bf5
43.Kxf7 Kb7 44.Kg7 Kxb6 45.Rxh7 Bxh7 46.Kxh7 Rh4+ 47.Kg7 Kc7 48.g6 Kd7 49.Kf7 Rf4+
50.Kg8 Ke7 51.g7 Rg4  0-1

[Event "ZMDI Open A 2012"]
[Site "Dresden GER"]
[Date "2012.08.22"]
[Round "5"]
[White "Graf,F"]
[Black "Danin,A"]
[Result "1/2-1/2"]
[WhiteElo "2394"]
[BlackElo "2530"]

1.d4 Nf6 2.c4 g6 3.Nc3 d5 4.cxd5 Nxd5 5.e4 Nxc3 6.bxc3 Bg7 7.Nf3 c5 8.Rb1 O-O
9.Be2 cxd4 10.cxd4 Qa5+ 11.Qd2 Qxd2+ 12.Bxd2 b6 13.O-O Ba6 14.Bxa6 Nxa6 15.a4 Rfd8
16.Be3 Rac8 17.Rfc1 h6 18.g3 e6 19.Rxc8 Rxc8 20.a5 bxa5 21.Rb5 Nb4 22.Rxa5 Nc2
23.Rxa7 Rc3 24.Ra8+ Kh7 25.Ra7 Kg8 26.Ra8+ Kh7 27.Ra7 Kg8  1/2-1/2

[Event "21st Feffernitz Open"]
[Site "Feffernitz AUT"]
[Date "2012.08.22"]
[Round "5.14"]
[White "Mirata,Danilo"]
[Black "Knaller,C"]
[Result "1-0"]
[WhiteElo "1897"]
[BlackElo "2015"]

1.d4 Nf6 2.c4 g6 3.Nc3 d5 4.cxd5 Nxd5 5.e4 Nxc3 6.bxc3 Bg7 7.Bc4 c5 8.Ne2 O-O
9.Be3 Nc6 10.Rc1 cxd4 11.cxd4 Qa5+ 12.Kf1 Qa3 13.h4 Rd8 14.Qd2 Nxd4 15.Rc3 Qa5
16.Bxd4 Bxd4 17.Nxd4 e5 18.Bxf7+ Kg7 19.Bd5 Qa6+ 20.Kg1 exd4 21.Qxd4+ Qf6
22.Rc7+ Rd7 23.Qxf6+ Kxf6 24.Rxd7 Bxd7 25.Bxb7 Rb8 26.Bd5 Rb2 27.f3 Be6 28.Bxe6 Kxe6
29.a4 Ra2 30.Kh2 Rxa4 31.Rb1 h5 32.Kg3 Ra2 33.Rb7 a5 34.Ra7 a4 35.Kf4 Rxg2
36.Rxa4 Rh2 37.Ra6+ Kf7 38.Kg3 Rh1 39.e5 Ke7 40.Kg2 Re1 41.Rxg6 Rxe5 42.Rg5 Re2+
43.Kg3 Kf6 44.Rxh5 Kg6 45.Ra5 Rb2 46.f4 Rb1 47.Rg5+ Kf6 48.Kg4 Rg1+ 49.Kh5 Rf1
50.Rg6+ Kf7 51.Rg4 Kf6 52.Kh6 Rf2 53.h5 Rh2 54.Rg8 Kf7 55.Rg6 Rh1 56.Kg5 Rh2
57.Rb6 Rg2+ 58.Kf5 Rh2 59.Rb7+ Kg8 60.Kg6 Rg2+ 61.Kh6 Rg1 62.f5 Rg2 63.f6 Rg1
64.Rg7+ Kh8 65.Rg6 Rg2 66.Rg5 Rf2 67.Kg6 Kg8 68.h6 Rf1 69.Ra5 Rg1+ 70.Kf5 Rf1+
71.Ke6 Re1+ 72.Re5 Rh1 73.Ke7 Rf1 74.Rg5+ Kh7 75.f7 Kxh6 76.Rg2 Re1+ 77.Kf8 Kh7
78.Rd2 Re3 79.Rd7 Re1 80.Re7 Ra1 81.Re4  1-0

[Event "12th World Uni Men"]
[Site "Guimaraes POR"]
[Date "2012.08.22"]
[Round "6.2"]
[White "Moranda,W"]
[Black "Matinian,N"]
[Result "1/2-1/2"]
[WhiteElo "2566"]
[BlackElo "2438"]

1.d4 Nf6 2.c4 g6 3.Nc3 d5 4.cxd5 Nxd5 5.e4 Nxc3 6.bxc3 Bg7 7.Bc4 c5 8.Ne2 O-O
9.O-O Nc6 10.Be3 Na5 11.Bd3 b6 12.Rc1 e6 13.dxc5 Qc7 14.cxb6 axb6 15.Nd4 Nc4
16.Bxc4 Qxc4 17.Qb3 Qd3 18.Qb1 Qc4 19.Qxb6 Rxa2 20.Rfd1 Bd7 21.Qb4 Ra4 22.Qe7 Bc8
23.h3 h6 24.Bf4 Ba6 25.Bg3 Rc8 26.Kh2 Qc5 27.Qd7 Qc4 28.Rb1 Ra3 29.Rb6 Rxc3
30.Nf3 Rd3 31.Rxd3 Qxd3 32.Qa7 Bc4 33.Qb7 Rf8 34.Bd6 Rd8 35.Qc7 Re8 36.Ne5 Bxe5+
37.Bxe5 Qd8 38.Qc5 Bf1 39.Rb8 Qxb8 40.Bxb8 Rxb8 41.Qc1 Bd3 42.Qxh6 e5 43.Qe3 Rd8
44.Qd2 Rd4 45.Qg5 Bxe4 46.Qxe5 Rc4 47.g4 Bc6 48.Qf6 Be8 49.Kg3 Rc6 50.Qd4 Re6
51.f4 f6 52.Qd3 Kg7 53.h4 Bf7 54.f5 gxf5 55.Qxf5 Re3+ 56.Kf2 Re5 57.Qf4 Rd5
58.g5 fxg5 59.hxg5 Rd7 60.Qf5 Rb7 61.Qf6+ Kg8 62.g6 Rd7 63.Ke3 Be8 64.Kf4 Rg7
65.Qe6+ Kf8 66.Qd6+ Kg8 67.Kf5 Rxg6 68.Qxg6+  1/2-1/2

[Event "12th World Uni Men"]
[Site "Guimaraes POR"]
[Date "2012.08.22"]
[Round "6.9"]
[White "Perdomo,L"]
[Black "Rodrigues,PF1"]
[Result "1-0"]
[WhiteElo "2391"]
[BlackElo "1960"]

1.d4 Nf6 2.c4 g6 3.Nc3 d5 4.cxd5 Nxd5 5.e4 Nxc3 6.bxc3 Bg7 7.Bc4 c5 8.Ne2 Nc6
9.Be3 cxd4 10.cxd4 O-O 11.O-O b6 12.Rc1 Bb7 13.d5 Ne5 14.Bd4 Rc8 15.Bb5 a6
16.f4 Ng4 17.Bxg7 Kxg7 18.Rxc8 Bxc8 19.Bc6 Kg8 20.Qd4 b5 21.e5 Nh6 22.Qc5 Nf5
23.Nc3 Bd7 24.Rd1 Qc7 25.Ne4 Rc8 26.Rc1 Bxc6 27.dxc6 Rd8 28.Nc3 e6 29.Ne4 Nd4
30.Nf6+ Kg7 31.Qxd4 Qxc6 32.Rxc6 Rxd4 33.g3 g5 34.Rc8 Kg6 35.Rg8+  1-0

[Event "EY Boys U18 2012"]
[Site "Prague CZE"]
[Date "2012.08.22"]
[Round "6.32"]
[White "Bizovi,M"]
[Black "Seidl,S"]
[Result "0-1"]
[WhiteElo "2044"]
[BlackElo "2187"]

1.d4 Nf6 2.c4 g6 3.Nc3 d5 4.cxd5 Nxd5 5.e4 Nxc3 6.bxc3 Bg7 7.Be3 c5 8.Qd2 O-O
9.Rc1 Qc7 10.Nf3 Bg4 11.Ng5 Nc6 12.h3 Bd7 13.Be2 Na5 14.d5 b5 15.h4 f6 16.Nf3 h5
17.Bf4 Qb6 18.O-O e5 19.dxe6 Bxe6 20.e5 Rad8 21.Qc2 Bf5 22.Qb2 fxe5 23.Bxe5 Nc4
24.Bxc4+ bxc4 25.Qxb6 axb6 26.Bc7 Rc8 27.Be5 Ra8 28.Ra1 Ra3 29.Rfc1 b5 30.Bxg7 Kxg7
31.Nd2 Rfa8 32.f3 Rxa2 33.Rxa2 Rxa2 34.Ne4 Bxe4 35.fxe4 Rb2 36.Kh2 Kf6 37.Kg3 Ke5
38.Rd1 Kxe4 39.Rd6 b4 40.cxb4 cxb4 41.Rxg6 c3  0-1

[Event "EY Boys U18 2012"]
[Site "Prague CZE"]
[Date "2012.08.23"]
[Round "7.11"]
[White "Handler,L"]
[Black "Sadzikowski,D"]
[Result "0-1"]
[WhiteElo "2368"]
[BlackElo "2444"]

1.d4 Nf6 2.c4 g6 3.Nc3 d5 4.cxd5 Nxd5 5.e4 Nxc3 6.bxc3 Bg7 7.Be3 c5 8.Rc1 O-O
9.d5 Qa5 10.Qd2 Rd8 11.Nf3 e6 12.Bg5 f6 13.Be3 exd5 14.exd5 Nd7 15.c4 Qxd2+
16.Nxd2 f5 17.Be2 h6 18.h4 Re8 19.Kf1 a6 20.a4 a5 21.Nb3 b6 22.Nd2 Ne5 23.Rb1 Ra6
24.Nf3 Nf7 25.Bf4 Bd7 26.Bd1 Bf8 27.g3 Bd6 28.Bc2 Re4 29.Bxe4 fxe4 30.Nd2 Bxa4
31.Rb2 Bxf4 32.gxf4 Nd6 33.Ke2 b5 34.Ra1 Kf7 35.Ke3 Ra7 36.f3 Nf5+ 37.Ke2 e3
38.Ne4 Bb3 39.Nd6+ Nxd6 40.Rxb3 b4 41.Rxe3 a4 42.Re6 Nf5 43.Kd3 a3 44.Rb6 Nd4
45.d6 Nb3 46.Re1 a2 47.Kc2 a1=Q 48.Rxa1 Nxa1+ 49.Kb2 Ra3 50.h5 gxh5 51.f5 Rxf3
52.Kxa1 Rxf5 53.d7 Ke7 54.Rd6 Kd8 55.Kb2 h4 56.Rxh6 Rf4 57.Kb3 Kxd7 58.Rh5 Kc6
59.Rh6+ Kc7 60.Rh7+ Kb6 61.Rh6+ Ka5 62.Rh5 Rf3+ 63.Kb2 Ka4 64.Rxc5 Rf2+  0-1

[Event "EY Girls U16 2012"]
[Site "Prague CZE"]
[Date "2012.08.25"]
[Round "9.32"]
[White "Sen,Beril Berfin"]
[Black "Pistovcakova,Aneta"]
[Result "1/2-1/2"]
[WhiteElo "1586"]
[BlackElo "1642"]

1.d4 Nf6 2.c4 g6 3.Nc3 d5 4.cxd5 Nxd5 5.e4 Nxc3 6.bxc3 Bg7 7.Nf3 O-O 8.Be3 c5
9.Be2 Qa5 10.Qd2 Bg4 11.Rc1 Nc6 12.d5 Bxf3 13.Bxf3 Ne5 14.Be2 Nd7 15.c4 Qa6
16.O-O Rfd8 17.f4 e5 18.f5 Qd6 19.Bg5 Rf8 20.Rf3 Nf6 21.Qe3 Ng4 22.Qd3 Nf6
23.Rcf1 h6 24.Bd2 g5 25.Rg3 Nh7 26.h4 Bf6 27.Qf3 Qe7 28.Qh5 Kg7 29.hxg5 Nxg5
30.Bxg5 hxg5 31.Rh3 Rh8 32.Qg4 Rxh3 33.gxh3 Rh8 34.Kg2 Kf8 35.Kg1 Kg7 36.Kg2 Kf8
37.Kg1 Kg7 38.Kg2 Kf8  1/2-1/2

[Event "24th Schlosspark Open"]
[Site "Wiesbaden GER"]
[Date "2012.08.25"]
[Round "5.8"]
[White "Kreiling,C"]
[Black "Mueller,Ra1"]
[Result "1/2-1/2"]
[WhiteElo "2114"]
[BlackElo "2414"]

1.d4 Nf6 2.c4 g6 3.Nc3 d5 4.cxd5 Nxd5 5.e4 Nxc3 6.bxc3 Bg7 7.Nf3 c5 8.Rb1 O-O
9.Be2 b6 10.O-O Bb7 11.d5 Bxc3 12.Bc4 Bg7 13.e5 Ba6 14.Qd3 Qc8 15.e6 Bxc4
16.exf7+ Rxf7 17.Qxc4 Qf5 18.Bb2 Nd7 19.Bxg7 Kxg7 20.Rbe1 b5 21.Qxb5 Rb8
22.Qc4 Rb4 23.Qc3+ Qf6 24.Qxf6+ exf6 25.Re2 Rb8 26.Rc1 Kf8 27.Re6 Re7 28.Ra6 Rb7
29.g3 Re4 30.Nd2 Rd4 31.Nb3 Rxd5 32.Rc6 Rb5 33.Ra6 Rb7 34.Rc6 Rb5 35.Ra6 Rb7  1/2-1/2

[Event "11th Lichtenberger Sommer 2012"]
[Site "Berlin GER"]
[Date "2012.08.26"]
[Round "9.44"]
[White "Huebner,Alan-Ari"]
[Black "Eichler,Jan-Christoph"]
[Result "1-0"]
[WhiteElo "1728"]
[BlackElo "2095"]

1.d4 Nf6 2.c4 g6 3.Nc3 d5 4.cxd5 Nxd5 5.e4 Nxc3 6.bxc3 Bg7 7.Bg5 c5 8.Rc1 Nc6
9.d5 Ne5 10.f4 Ng4 11.Qd2 Qa5 12.Nf3 b5 13.h3 Nf6 14.Bxf6 Bxf6 15.e5 Bg7
16.c4 b4 17.Bd3 O-O 18.O-O Qb6 19.Rb1 a5 20.Qf2 Bd7 21.Nd2 Qc7 22.Be4 Ra6
23.Nb3 Rc8 24.Qf3 Rb8 25.Qf2 Rc8 26.g4 a4 27.Nd2 Rb8 28.Bc2 Be8 29.Ne4 Rc8
30.Rfd1 Bf8 31.Qh4 h6 32.Rd2 g5 33.Nxg5 b3 34.axb3 a3 35.Nf3 Qa5 36.Qe1 a2
37.Ra1 h5 38.Qe4 Rg6 39.g5 Ra8 40.Rdd1 Raa6 41.f5 Rg7 42.Kh1 e6 43.f6 exd5
44.cxd5 Rg6 45.Nh4 Qc3 46.Kh2 Raxf6 47.exf6 Bd6+ 48.Kg1 Rxg5+ 49.Ng2 Kf8
50.Re1 Bd7 51.Rxa2 Rxg2+ 52.Kxg2 Qg3+ 53.Kf1 Bxh3+ 54.Ke2 Bg4+ 55.Kd2 Bf4+
56.Re3 Qf2+ 57.Kc3  1-0

[Event "37th Trade Fair Open A"]
[Site "Brno CZE"]
[Date "2012.08.27"]
[Round "3"]
[White "Havel,Vojtech"]
[Black "Hosek,Ma"]
[Result "1/2-1/2"]
[WhiteElo "1797"]
[BlackElo "1998"]

1.d4 Nf6 2.c4 g6 3.Nc3 d5 4.cxd5 Nxd5 5.e4 Nxc3 6.bxc3 Bg7 7.Nf3 c5 8.Rb1 Nc6
9.Bb5 O-O 10.Bxc6 bxc6 11.O-O Bg4 12.e5 Qa5 13.Bd2 Qxa2 14.Rb7 Bxf3 15.gxf3 Qd5
16.Bg5 f6 17.Bf4 cxd4 18.cxd4 fxe5 19.Bxe5 Bxe5 20.dxe5 Qxe5 21.Re1 Qg5+
22.Kh1 e5 23.Qd7 Qh6 24.Qe6+  1/2-1/2

[Event "19th Graz Open 2012"]
[Site "Graz AUT"]
[Date "2012.08.27"]
[Round "3.5"]
[White "Wegerer,F"]
[Black "Schreiner,Pe"]
[Result "0-1"]
[WhiteElo "2194"]
[BlackElo "2444"]

1.d4 Nf6 2.c4 g6 3.Nc3 d5 4.cxd5 Nxd5 5.e4 Nxc3 6.bxc3 Bg7 7.Be3 c5 8.Qd2 Qa5
9.Rc1 cxd4 10.cxd4 Qxd2+ 11.Kxd2 O-O 12.Bb5 Nc6 13.Bxc6 bxc6 14.Nf3 Rb8 15.Ne5 Rb2+
16.Kc3 Rb6 17.Nd3 f5 18.f3 fxe4 19.fxe4 Ra6 20.a4 e5 21.Nc5 Rb6 22.Rb1 Rd8
23.Rbd1 Bg4 24.Rd2 a5 25.d5 cxd5 26.exd5 e4+ 27.Bd4 Bh6 28.Nxe4 Bxd2+ 29.Nxd2 Rc8+
30.Kd3 Bf5+ 31.Ke3 Rb4 32.Nf3 Re8+ 33.Kf2 Rd8 34.Bc3 Rxa4 35.Rd1 Be4 36.d6 Bxf3
37.gxf3 Rd7 38.Rd5 Ra2+ 39.Ke3 a4 40.h4 Kf7 41.Kd4 Rc2 42.Bb4 Rh2 43.Kc5 Rxh4
44.Kc6 Ke6 45.Rd3 Rc4+ 46.Bc5 Rd8 47.Re3+ Kf6 48.Re7 Rxd6+ 49.Kxd6 Rxc5 50.Rxh7 Ra5
51.Rh2 a3 52.Ra2 Kf5 53.Kc6 Kf4 54.Kb6 Ra8 55.Kb5 g5 56.Kb4 Kxf3  0-1

[Event "40th Olympiad Open"]
[Site "Istanbul TUR"]
[Date "2012.08.28"]
[Round "1.4"]
[White "Berkes,F"]
[Black "Abdyjapar,Asyl"]
[Result "1/2-1/2"]
[WhiteElo "2685"]
[BlackElo "2365"]

1.d4 Nf6 2.c4 g6 3.Nc3 d5 4.cxd5 Nxd5 5.e4 Nxc3 6.bxc3 Bg7 7.Nf3 c5 8.Be3 Qa5
9.Nd2 cxd4 10.Nc4 Qd8 11.cxd4 b5 12.Nd2 O-O 13.Nb3 a6 14.Rc1 f5 15.exf5 Bxf5
16.Be2 Be4 17.O-O Nc6 18.Nc5 Bd5 19.Bg4 Qd6 20.Nd7 Bxa2 21.Nxf8 Rxf8 22.Qd2 Bc4
23.Rfd1 e5 24.dxe5 Qxd2 25.Rxd2 Nxe5 26.Be2 a5 27.Bc5 Ra8 28.Re1 Rc8 29.Bd6 Bxe2
30.Rdxe2 Nc4 31.Re8+ Rxe8 32.Rxe8+ Kf7 33.Re7+ Kf6 34.Bc5 Bf8 35.Rc7 Bxc5
36.Rxc5 Na3 37.Kf1 Ke6 38.Ke2 Kd6 39.Rc8 Nc4 40.Kd3 Kd5 41.Kc3 Nd6 42.Rd8 Kc5
43.Rd7 Ne4+ 44.Kb3 a4+ 45.Ka2 b4 46.f4 h5 47.Rg7 Kc4 48.Rxg6 Nc3+ 49.Ka1 a3
50.Rc6+ Kd3 51.Rb6 Kc4 52.Rc6+ Kd3 53.Rb6 Kd4  1/2-1/2

[Event "40th Olympiad Open"]
[Site "Istanbul TUR"]
[Date "2012.08.28"]
[Round "1.25"]
[White "Bravo,Will"]
[Black "Le Quang Liem"]
[Result "0-1"]
[WhiteElo "2291"]
[BlackElo "2693"]

1.d4 Nf6 2.c4 g6 3.Nc3 d5 4.cxd5 Nxd5 5.e4 Nxc3 6.bxc3 Bg7 7.Nf3 O-O 8.Be2 b6
9.O-O Bb7 10.Qd3 Nd7 11.Bg5 Re8 12.Qe3 Nf6 13.Bb5 c6 14.Bc4 c5 15.d5 Qc7
16.Bf4 Qc8 17.Rad1 Rd8 18.Rd2 Ba6 19.Bxa6 Qxa6 20.Ne5 Re8 21.Re1 Qa4 22.c4 Nh5
23.Rc1 e6 24.d6 Rad8 25.h4 f6 26.Nf3 e5 27.Bh2 Qd7 28.Rcd1 Bf8 29.Rd5 Bg7
30.Qb3 Bh6 31.a4 Bf4 32.g3 Bh6 33.a5 Rb8 34.Qb5 Qg4 35.d7 Red8 36.Ne1 Nf4
37.f3 Ne2+ 38.Kf2 Qh3 39.Kxe2 Qxh2+ 40.Kd3 a6 41.Qb3 b5 42.Qc2 Qxg3 43.Kc3 Be3
44.cxb5 Bd4+ 45.Kd3 Rxb5 46.Rd6 Rb4 47.Rb1 c4+ 48.Ke2 Qf2+ 49.Kd1 Rxb1+ 50.Qxb1 Bc3
51.Qb6 Qxe1+ 52.Kc2 Bxa5 53.Qc5 Qc3+ 54.Kd1 Qxf3+ 55.Kc1 Qc3+ 56.Kd1 Qe1+
57.Kc2 Qxe4+  0-1

[Event "40th Olympiad Women"]
[Site "Istanbul TUR"]
[Date "2012.08.28"]
[Round "1.1"]
[White "Chowdhury,M"]
[Black "Ding Yixin"]
[Result "0-1"]
[WhiteElo "1827"]
[BlackElo "2424"]

1.d4 Nf6 2.c4 g6 3.Nc3 d5 4.cxd5 Nxd5 5.e4 Nxc3 6.bxc3 Bg7 7.Bc4 O-O 8.Ne2 c5
9.O-O Qa5 10.Be3 Nd7 11.Qd2 Nb6 12.Bb3 Rd8 13.Rfd1 Qa6 14.Qe1 c4 15.Bc2 Bd7
16.d5 Ba4 17.Rd2 Bxc2 18.Rxc2 e6 19.dxe6 fxe6 20.Rd1 Na4 21.Bg5 Rd3 22.Rcd2 Rc8
23.Rxd3 cxd3 24.Nd4 Nxc3 25.Rc1 Bxd4  0-1

[Event "37th Trade Fair Open A"]
[Site "Brno CZE"]
[Date "2012.08.29"]
[Round "5"]
[White "Dambrauskas,V"]
[Black "Plat,V"]
[Result "0-1"]
[WhiteElo "2322"]
[BlackElo "2480"]

1.d4 Nf6 2.c4 g6 3.Nc3 d5 4.cxd5 Nxd5 5.e4 Nxc3 6.bxc3 Bg7 7.Bc4 c5 8.Be3 Nc6
9.Ne2 O-O 10.O-O Qc7 11.Rc1 Rd8 12.Qd2 b6 13.Rfd1 Bb7 14.f3 Rac8 15.Qe1 Na5
16.Bd3 cxd4 17.cxd4 Qd6 18.Rxc8 Rxc8 19.Rc1 Nc6 20.d5 Ne5 21.Rxc8+ Bxc8 22.Qc1 Bd7
23.Bb1 Qb4 24.Bd2 Qb5 25.Nd4 Qc5 26.Qxc5 bxc5 27.Ne2 Bb5 28.Nc3 Ba6 29.Na4 Nc4
30.Bd3 Bd4+ 31.Kh1 Nxd2 32.Bxa6 c4 33.f4 f6 34.e5 fxe5 35.fxe5 Bxe5 36.Nc5 Bd4
37.Ne6 Be3 38.Nc7 Kf7 39.h3 Bb6 40.Nb5 Bc5 41.Nc3 Kf6 42.Bb7 Ke5 43.Ne2 Ne4
44.Bc6 Bd4 45.g4 Nc5 46.Kg2 c3  0-1

[Event "19th Graz Open 2012"]
[Site "Graz AUT"]
[Date "2012.08.29"]
[Round "5.13"]
[White "Toefferl,H"]
[Black "Brandstetter,D"]
[Result "1/2-1/2"]
[WhiteElo "2152"]
[BlackElo "2078"]

1.d4 Nf6 2.c4 g6 3.Nc3 d5 4.cxd5 Nxd5 5.e4 Nxc3 6.bxc3 Bg7 7.Bc4 c5 8.Ne2 Nc6
9.Be3 O-O 10.O-O Qc7 11.Rc1 b6 12.f4 Bb7 13.f5 Na5 14.Bd3 c4 15.Bc2 Qd7 16.Qe1 Rfe8
17.Qh4 e5 18.fxg6 fxg6 19.d5 Bc8 20.h3 Nb7 21.Rf3 Nd6 22.Rcf1 Ba6 23.Bg5 Rf8
24.Bf6 Bxf6 25.Rxf6 Rxf6 26.Qxf6 Re8 27.Ng3 Qd8 28.Ba4 b5 29.Bd1 Bc8 30.Bg4 Bxg4
31.hxg4 a5 32.Rf3 b4 33.cxb4 axb4 34.Kf1 Qxf6 35.Rxf6 Rf8 36.Rxf8+ Kxf8 37.Ke2 Ke7
38.g5 Kd7 39.Ke3 Kc7 40.Nf1 Kb6  1/2-1/2

[Event "World Youth U16 Olympiad 2012"]
[Site "Istanbul TUR"]
[Date "2012.08.29"]
[Round "1.14"]
[White "Papasimakopoulos,Alexandros"]
[Black "Bezuidenhout,Roland"]
[Result "1-0"]
[WhiteElo "2126"]
[BlackElo "1942"]

1.d4 Nf6 2.c4 g6 3.Nc3 d5 4.cxd5 Nxd5 5.e4 Nxc3 6.bxc3 Bg7 7.Bc4 c5 8.Be3 Nc6
9.Ne2 O-O 10.O-O Bd7 11.Qd2 Rc8 12.Rac1 Qa5 13.dxc5 Ne5 14.Bb3 Bb5 15.c4 Qxd2
16.Bxd2 Bc6 17.f3 Nd3 18.Rcd1 Nxc5 19.Be3 b6 20.Rd2 Rfd8 21.Rfd1 Rxd2 22.Rxd2 Kf8
23.Nf4 e6 24.Nd3 Nxb3 25.axb3 Rd8 26.Kf2 Ke8 27.Ke2 f5 28.e5 h6 29.h4 Rd7
30.Ra2 Bf8 31.b4 Be7 32.b5 Bb7 33.Ra4 Bc8 34.Bxh6 Bxh4 35.c5 Be7 36.cxb6 axb6
37.Ra8 Rc7 38.Be3 Kd7 39.Bxb6 Rc2+ 40.Ke3 Rxg2 41.Ra7+ Ke8 42.Kd4 Bd7 43.Bc5 Bxc5+
44.Kxc5 Rc2+ 45.Kb4 Kd8 46.b6 Bc6 47.Rc7 g5 48.Kb3 Rd2 49.Kc3 Rxd3+ 50.Kxd3 Bxf3
51.Rg7 Kc8 52.Kd4 g4 53.Kc5 f4 54.Rf7 g3 55.Rxf4 g2 56.Rf8+ Kb7 57.Rf7+ Kb8
58.Rg7 Bd5 59.Kb5 Be4 60.b7 Bxb7 61.Kb6 Bc8 62.Rg8  1-0

[Event "World Youth U16 Olympiad 2012"]
[Site "Istanbul TUR"]
[Date "2012.08.29"]
[Round "1.19"]
[White "Kumsiashvili,N"]
[Black "Koekemoer,Bernard"]
[Result "1-0"]
[WhiteElo "2097"]
[BlackElo "1765"]

1.d4 Nf6 2.c4 g6 3.Nc3 d5 4.cxd5 Nxd5 5.e4 Nxc3 6.bxc3 Bg7 7.Bc4 c5 8.Ne2 Nc6
9.Be3 O-O 10.O-O Na5 11.Bd3 b6 12.Rb1 cxd4 13.cxd4 e6 14.Qa4 Bb7 15.Rfc1 Qe7
16.Bd2 Nc6 17.Rxc6 Bxc6 18.Qxc6 Rac8 19.Qa4 Rfd8 20.Be3 Rc7 21.h3 Rdc8 22.Rd1 Rd8
23.Bb5 Rcc8 24.d5 e5 25.Bc6 f5 26.f3 f4 27.Bf2 h5 28.Nc3 Kh7 29.Rb1 Bf8 30.Nb5 Qg7
31.Qxa7 Be7 32.Bxb6 g5 33.Bxd8 Rxd8 34.d6  1-0

[Event "World Youth U16 Olympiad 2012"]
[Site "Istanbul TUR"]
[Date "2012.08.29"]
[Round "1.21"]
[White "Dale,Ari"]
[Black "Harutyunian,T"]
[Result "0-1"]
[WhiteElo "2184"]
[BlackElo "2308"]

1.d4 Nf6 2.c4 g6 3.Nc3 d5 4.cxd5 Nxd5 5.e4 Nxc3 6.bxc3 Bg7 7.Nf3 c5 8.Rb1 O-O
9.Be2 cxd4 10.cxd4 Qa5+ 11.Bd2 Qxa2 12.O-O Bg4 13.Bg5 h6 14.Be3 Rd8 15.d5 e6
16.h3 Bxf3 17.Bxf3 Nc6 18.Rxb7 Ne5 19.Bc5 Qa6 20.Rc7 Qa5 21.d6 Bf8 22.Be2 Nd7
23.Qc2 Rdc8 24.Bb4 Rxc7 25.dxc7 Qxb4 26.c8=Q Rxc8 27.Qxc8 Nc5 28.Ra1 Qb2
29.Re1 Qd2 30.Kf1 Nxe4 31.Rd1 Qf4 32.f3 Kg7 33.Qc1 Ng3+ 34.Kf2 Qe5 35.Qa1 Bc5+
36.Ke1 Bb4+ 37.Kf2 Bc3 38.Qa2 Nf5  0-1

[Event "19th Graz Open 2012"]
[Site "Graz AUT"]
[Date "2012.08.30"]
[Round "6.9"]
[White "Scheffknecht,P"]
[Black "Kokol,P"]
[Result "0-1"]
[WhiteElo "2065"]
[BlackElo "2266"]

1.d4 Nf6 2.c4 g6 3.Nc3 d5 4.cxd5 Nxd5 5.e4 Nxc3 6.bxc3 Bg7 7.Be3 c5 8.Bc4 O-O
9.Ne2 Nc6 10.O-O Bg4 11.f3 Na5 12.Bd3 cxd4 13.cxd4 Be6 14.d5 Bxa1 15.Qxa1 f6
16.Rb1 Bf7 17.Bd4 b6 18.Ba6 Qd7 19.Nf4 g5 20.Ne2 Nb7 21.Ng3 Nd6 22.a4 Rab8
23.e5 fxe5 24.Bxe5 Bxd5 25.Rd1 Qe6 26.Qd4 Bb7 27.Bd3 Rbd8 28.Qa1 Rf7 29.Bd4 Qb3
30.Qc1 Kf8 31.Bc2 Qc4 32.Qb2 Rf4 33.Be3 Rf6 34.Bb3 Qb4 35.Nh5 Ne8 36.Rb1 Rd3
37.Nxf6 Nxf6 38.Qe5 Rxb3 39.Rd1 Rb1 40.Rxb1 Qxb1+ 41.Kf2 Qc2+ 42.Kg3 Nh5+
43.Kg4 Bc8+ 44.Kxg5 Qg6+ 45.Kh4 Qf6+ 46.Qxf6+ Nxf6 47.a5 Nd5 48.Bd4 bxa5
49.Bxa7 a4 50.Bc5 Nc3 51.Kg5 Nb5 52.Kh6 Bf5 53.g4 Bd3 54.f4 a3 55.Bxa3 Nxa3
56.f5 Kg8 57.h4 Nc4 58.Kg5 Kg7 59.Kf4 Nd6 60.Ke5 Kf7  0-1

[Event "40th Olympiad Open"]
[Site "Istanbul TUR"]
[Date "2012.08.30"]
[Round "3.56"]
[White "Muendle,K"]
[Black "Flaquer,L"]
[Result "0-1"]
[WhiteElo "1893"]
[BlackElo "2297"]

1.d4 Nf6 2.c4 g6 3.Nc3 d5 4.cxd5 Nxd5 5.e4 Nxc3 6.bxc3 Bg7 7.Bc4 c5 8.Ne2 Nc6
9.Be3 O-O 10.O-O Bg4 11.f3 cxd4 12.cxd4 Na5 13.Bxf7+ Rxf7 14.fxg4 Rxf1+ 15.Qxf1 Nc4
16.Qc1 Rc8 17.Qc3 e5 18.d5 Nd6 19.Qd3 Qa5 20.Bd2 Qa4 21.Nc3 Qd4+ 22.Qxd4 exd4
23.Bf4 dxc3 24.Bxd6 c2  0-1

[Event "40th Olympiad Women"]
[Site "Istanbul TUR"]
[Date "2012.08.31"]
[Round "4.21"]
[White "Johansson,V"]
[Black "Tuvshintugs,B"]
[Result "1/2-1/2"]
[WhiteElo "2179"]
[BlackElo "2311"]

1.d4 Nf6 2.c4 g6 3.Nc3 d5 4.cxd5 Nxd5 5.e4 Nxc3 6.bxc3 Bg7 7.Bc4 O-O 8.Ne2 Qd7
9.O-O b6 10.Be3 Bb7 11.Bd3 Rd8 12.Rb1 Nc6 13.f4 e6 14.f5 exf5 15.exf5 Ne5
16.Ng3 Nxd3 17.Qxd3 c5 18.Bg5 Re8 19.f6 Bf8 20.Qd2 Qd5 21.Rf2 cxd4 22.cxd4 Rad8
23.Rd1 Rd6 24.Bh6 Bxh6 25.Qxh6 Rxf6 26.Nh5 Qxh5 27.Qxh5 Rxf2 28.Qh4 Rxg2+
29.Kf1 Rge2 30.d5 R2e4 31.Qg3 Ba6+ 32.Kf2 Re2+ 33.Kg1 Bb7 34.Qc7 R2e7 35.Qc4 Re4
36.Qb5 Rg4+ 37.Kf2 Re5 38.Qd7 Rf5+ 39.Ke3 Ba6 40.Qe8+ Kg7 41.d6 Rgg5 42.d7 Bb5
43.Qb8 Re5+ 44.Qxe5+ Rxe5+ 45.Kd4 Bxd7 46.Kxe5 Ba4 47.Rd4 b5 48.Rd7 a5 49.Ra7 g5
50.Rxa5 f6+ 51.Ke6 h5 52.Ra7+ Kg6 53.Rf7 g4 54.Rxf6+ Kg5 55.Rf5+ Kh4 56.Kd6 Bd1
57.Rxb5 g3 58.hxg3+ Kxg3 59.Rg5+ Bg4 60.Rc5 h4 61.a4 h3 62.a5 h2 63.Rc1 Bf3
64.a6 h1=Q 65.Rxh1  1/2-1/2

[Event "14th Trieste Open A"]
[Site "Trieste ITA"]
[Date "2012.09.01"]
[Round "1"]
[White "Bosiocic,Mari"]
[Black "Matijevic,Filip"]
[Result "1-0"]
[WhiteElo "2577"]
[BlackElo "2132"]

1.d4 Nf6 2.c4 g6 3.Nc3 d5 4.cxd5 Nxd5 5.e4 Nxc3 6.bxc3 Bg7 7.Nf3 c5 8.Be3 Qa5
9.Qd2 Nc6 10.Rb1 a6 11.Rc1 O-O 12.d5 Rd8 13.Be2 e6 14.Bg5 f6 15.Bf4 b5 16.O-O e5
17.Be3 c4 18.a4 Qc7 19.axb5 axb5 20.Qb2 Na5 21.Qxb5 Nb3 22.d6 Qf7 23.Bxc4 Be6
24.Bxe6 Qxe6 25.Rcd1 Bf8 26.d7 Rab8 27.Qd5 Kf7 28.Rd3 Qxd5 29.Rxd5 Rb7 30.Rb1 Nc5
31.Rxb7 Nxb7 32.Bb6 Ra8 33.g4 Be7 34.g5 Ke6 35.gxf6 Bxf6 36.c4  1-0

[Event "40th Olympiad Open"]
[Site "Istanbul TUR"]
[Date "2012.09.03"]
[Round "6.18"]
[White "Peralta,Fe"]
[Black "Ftacnik,L"]
[Result "1-0"]
[WhiteElo "2606"]
[BlackElo "2532"]

1.d4 Nf6 2.c4 g6 3.Nc3 d5 4.cxd5 Nxd5 5.e4 Nxc3 6.bxc3 Bg7 7.Bc4 c5 8.Ne2 Nc6
9.Be3 O-O 10.O-O b6 11.Qd2 Bb7 12.Rac1 Rc8 13.Rfd1 cxd4 14.cxd4 Qd6 15.e5 Qb4
16.e6 f5 17.d5 Qxd2 18.Bxd2 Ne5 19.Bb3 Ba6 20.Nf4 Nc4 21.d6 exd6 22.Nd5 Kh8
23.Bf4 b5 24.Bxc4 bxc4 25.Bxd6 Bh6 26.Bxf8 Bxc1 27.Rxc1 Rxf8 28.Nc7  1-0

[Event "World Youth U16 Olympiad 2012"]
[Site "Istanbul TUR"]
[Date "2012.09.03"]
[Round "7.1"]
[White "Naoum,S"]
[Black "Nasuta,G"]
[Result "1/2-1/2"]
[WhiteElo "2146"]
[BlackElo "2275"]

1.d4 Nf6 2.c4 g6 3.Nc3 d5 4.cxd5 Nxd5 5.e4 Nxc3 6.bxc3 Bg7 7.Qa4+ Qd7 8.Qb3 O-O
9.Nf3 c5 10.Be3 Qc7 11.Rc1 Nc6 12.Be2 e5 13.dxc5 Be6 14.Qa3 Na5 15.Nd2 Rfc8
16.Rb1 Bf8 17.Rb5 Nc6 18.Bc4 a6 19.Rb2 Nd8 20.O-O b5 21.Bd5 Bxd5 22.exd5 Bxc5
23.Bxc5 Qxc5 24.Qxc5 Rxc5 25.Ne4 Rc4 26.Rb4 Rac8 27.f3 Nb7 28.d6 f5 29.d7 Rd8
30.Rxc4 bxc4 31.Rb1 fxe4 32.Rxb7 exf3 33.gxf3 Kf7 34.Ra7 Ke7 35.Rxa6 Rxd7
36.Rc6 Rd3 37.Rxc4 Rxf3 38.a4 Rd3 39.Rc7+ Ke6 40.a5 Rd1+ 41.Kf2 Ra1 42.Rxh7 Rxa5
43.Ke3  1/2-1/2

[Event "World Youth U16 Olympiad 2012"]
[Site "Istanbul TUR"]
[Date "2012.09.03"]
[Round "8.1"]
[White "Javanbakht,N"]
[Black "Izzat,Kanan"]
[Result "1-0"]
[WhiteElo "2385"]
[BlackElo "2326"]

1.d4 Nf6 2.c4 g6 3.Nc3 d5 4.cxd5 Nxd5 5.e4 Nxc3 6.bxc3 Bg7 7.Bc4 O-O 8.Ne2 Nc6
9.O-O e5 10.Ba3 Re8 11.Bxf7+ Kxf7 12.Qb3+ Kf6 13.Rad1 exd4 14.Nxd4 Qd7 15.Nb5 Qf7
16.c4 g5 17.f4 g4 18.Bb2+ Kg6 19.f5+ Kh5 20.f6 Bf8 21.Rd5+ Kg6 22.e5 Nb4
23.Bc1 Qe6 24.Nxc7  1-0